000 00833cam a2200265 a 4500
001 000008455
005 20200929161338.0
008 991027s1999 sp 001 f spa
020 _a842044202X
040 _aDO-SdBNP
_cDLC
041 1 7 _aspa
_heng
_2código de idioma Marc
082 _a863.44
_bR618e, 1999
100 1 _aRivas, Manuel,
_d1957-
_922745
240 1 0 _aElla, maldita alma.
_lEspañol
245 1 0 _aElla, maldita alma /
_cManuel Rivas ; traducción y notas de Dolores Vilavedra.
250 _a2a ed.
260 _aMadrid :
_bAlfaguara,
_c1999.
300 _a163 p. ;
_c22 cm.
534 _aTítulo original:
_tElla, maldita alma
650 4 _aNovela española
_91123
650 4 _aLiteratura española
_9632
700 1 _aVilavedra, Dolores
_etr.
_922746
910 _aCatalogación por copia / LC
049 _aBNGR
999 _c8226
_d8226